| 000 | 00658nam a2200205Ii 4500 | ||
|---|---|---|---|
| 003 | JO-AjNU | ||
| 008 | 230605s9999||||xx |||||||||||||| ||und|| | ||
| 017 | _a2008/4/999 | ||
| 040 |
_aJO-AjNU _bara _erda _cJO-AjNU |
||
| 041 | _aara | ||
| 050 | 1 | 4 | _aPJ7860.A72.A63 2008 |
| 100 | 3 |
_aالسقرات، هند, _eauthor _912048 |
|
| 245 | 0 | 0 | _aديوان ألحان على أوتار الغربة |
| 264 | 3 | 1 | _aاربد: المؤلفة، 2008 |
| 300 | _a50ص | ||
| 336 |
_atext _btxt _2rdacontent |
||
| 337 |
_aunmediated _bn _2rdamedia |
||
| 338 |
_avolume _bnc _2rdacarrier |
||
| 650 | 4 |
_aالشعر العربي - العصر الحديث - الاردن _912049 |
|
| 999 |
_aA2639 _c6207 _d6207 |
||